=LDR 00000nam 2200000 4500 =001 INLIS000000000017455 =005 20130612112648 =008 ***********************************Ind** =035 ##$$0010-061300000017455 =041 ##$$a Ind =082 ##$$a 617.51 =090 ##$$a 617.51, Sri b =100 ##$$a Sri Herawati =245 ##$$a Buku ajar ilmu penyakit telinga hidung tenggorokan, untuk mahasiswa fakultas kedokteran gigi, Sri Herawati ; Sri Rukmini ; editor, Lilian Juwono =260 ##$$a 2003 $b Jakarta =300 ##$$a vii, 60 hlm, ilus, 25 cm =650 ##$$a Penyakit THT =850 ##$$a NBPNMAT =990 ##$$a 21400613/BPAP-NTB/20142014 =990 ##$$a 21400613/BPAP-NTB/20142014 =990 ##$$a 21400613/BPAP-NTB/20142014 =990 ##$$a 0001/BPAP-NTB/20142015 =990 ##$$a 0001/BPAP-NTB/20142015 =990 ##$$a 2090101165/BPAP-NTB/2015